family tree - ethel cain - Statistics

General Stats
  • This quiz has been taken 13 times
  • The average score is 199 of 240
Answer Stats
Answer % Correct
the
100%
a
90%
all
90%
and
90%
back
90%
bathe
90%
be
90%
body
90%
but
90%
chapel
90%
crosses
90%
down
90%
his
90%
horse
90%
i
90%
im
90%
just
90%
make
90%
me
90%
my
90%
no
90%
not
90%
of
90%
on
90%
out
90%
over
90%
preacher
90%
put
90%
remind
90%
ride
90%
river
90%
silence
90%
take
90%
that
90%
these
90%
to
90%
used
90%
wash
90%
way
90%
white
90%
who
90%
woman
90%
you
90%
your
90%
better
80%
bones
80%
child
80%
christ
80%
clean
80%
demands
80%
hiding
80%
it
80%
ive
80%
let
80%
talks
80%
than
80%
then
80%
violence
80%
when
80%
yeah
80%
about
70%
above
70%
again
70%
been
70%
before
70%
daddy
70%
dont
70%
first
70%
forgive
70%
him
70%
ill
70%
in
70%
kill
70%
killed
70%
leave
70%
look
70%
man
70%
oh
70%
raised
70%
run
70%
so
70%
fury
60%
heaven
60%
like
60%
mama
60%
said
60%
say
60%
scare
60%
they
60%
around
50%
hand
50%
hell
50%
off
50%
scorned
50%
tight
50%
times
50%
up
50%
give
40%
hath
40%
noose
40%
shoot
40%
wrap
40%
myself
30%
offering
30%
baby
20%
No matching quizzes found
Score Distribution
Percent of People with Each Score
Percentile by Number Answered
Your Score History
You have not taken this quiz